LIBRARY & INFORMATION CENTRE, KCAET, TAVANUR

ONLINE PUBLIC ACCESS CATALOGUE (OPAC)

Normal view MARC view
  • Ramachanran, V R (guide)

Entry Personal Name

Number of records used in: 1

001 - CONTROL NUMBER

  • control field: 4018

003 - CONTROL NUMBER IDENTIFIER

  • control field: OSt

005 - DATE AND TIME OF LATEST TRANSACTION

  • control field: 20190202114738.0

008 - FIXED-LENGTH DATA ELEMENTS

  • fixed length control field: 190202|| aca||aabn | a|a d

040 ## - CATALOGING SOURCE

  • Original cataloging agency: OSt
  • Transcribing agency: OSt

100 ## - HEADING--PERSONAL NAME

  • Personal name: Ramachanran, V R (guide)

670 ## - SOURCE DATA FOUND

  • Source citation: Work cat.: (OSt): Suma Nair 3926, Development of a bund strengthening implement for paddy wetlands based on soil-machine parameters
free website counter